| 000 | 00636nam a2200181 4500 | ||
|---|---|---|---|
| 008 | 171114b xxu||||| |||| 00| 0 eng d | ||
| 020 | _a0-88029-690-9 | ||
| 082 |
_21972 _aDC 610.09356 _bC24 |
||
| 100 |
_923275 _aCartwright, Frederick F. |
||
| 245 |
_aDisease and history / _cby Frederick F. Cartwright in collaboration with Michael D. Biddiss |
||
| 260 |
_aNew York : _bCrowell, _c©1972. |
||
| 300 |
_aviii, 248 pages; _c22 cm. |
||
| 500 | _aIncludes bibliographical references and index. | ||
| 650 | 0 |
_923276 _aMedicine _xHistory |
|
| 650 | 0 |
_923277 _aEpidemics -- History |
|
| 650 | 0 |
_923278 _aHistory of Medicine |
|
| 942 |
_2ddc _cDC |
||
| 999 |
_c7733 _d7733 |
||